000 00859nam a22002777a 4500
001 9197
003 FISKH
005 20251128125153.0
008 251128b cb ||||| |||| 00| 0 eng d
020 _a9780736828918
040 _aFISKH
_beng
_cFISKH
_dFISKH
050 _aT867
082 _a518.23
100 _aTrumbauer, Lisa
_eAuthor
245 _aMath :
_bLet's graph /
_cby Lisa Trumbauer
260 _aWisconsin :
_bRed Brick Learning ,
_c2004
300 _a16 pages :
_bcolor illustrations ;
_c20 cm
490 _aYellow Umbrella Books :
_vMath - Level B
505 _aG
520 _aSimple text and photographs introduce the concept of graphing and present examples of two different kinds of graphs.
521 8 _a300
_bLexile estimate
521 8 _aG
_bRaz-Plus
650 _aNon-fiction
_vMath
942 _2ddc
_cBK
_n0
999 _c9197
_d9197